Biologically Active Natural Products : Pharmaceuticals /

Libro que aborda la conexión entre los productos agroquímicos y los productos farmacéuticos. Explora el uso de las plantas y productos de las mismas para la formulación y desarrollo de medicamentos. Varios expertos mundiales examinan multitud de cuestiones donde se incluye: la evaluación de extracto...

Description complète

Enregistré dans:
Détails bibliographiques
Auteur principal: Cutler, Stephen J. (ed.)
Autres auteurs: Cutler, Horace G. (edición) (edición)
Format: Livre
Langue:anglais
Publié: Boca Ratón, EUA : CRC Press, 2000, c2000
Sujets:
Tags: Ajouter un tag
Pas de tags, Soyez le premier à ajouter un tag!

MARC

LEADER 00000nam^a2200000^a^4500
001 000156661
005 20250521000000.0
009 20260310100511.543
020 |a 0-8493-1887-4 
037 |a Acervo ITESO - Biblioteca 
041 |a ING 
082 |a 615. 321  |b CUT 
100 |a Cutler, Stephen J.  |e (ed.) 
245 1 0 |a Biologically Active Natural Products :  |b Pharmaceuticals /  |c Ed. de S.J. Cutler, H.G. Cutler. 
264 4 |a Boca Ratón, EUA :  |b CRC Press,  |c 2000, c2000 
300 |a 277 p. 
336 |a texto  |b txt  |2 rdacontenido 
337 |a sin mediación  |b n  |2 rdamedio 
338 |a volumen  |b nc  |2 rdasoporte 
520 |a Libro que aborda la conexión entre los productos agroquímicos y los productos farmacéuticos. Explora el uso de las plantas y productos de las mismas para la formulación y desarrollo de medicamentos. Varios expertos mundiales examinan multitud de cuestiones donde se incluye: la evaluación de extractos de plantas tropicales que tienen actividad potencial como anticancerígenos, químico preventivos de la actividad del cáncer, productos naturales derivados de plantas y su analogía como anti-tumores, anti-HIV, y contra la actividad de los hongos. En general, se incluyen los nuevos descubrimientos en el campo de drogas en diversos ecosistemas. 
649 |a XX 
650 |a Productos Naturales 
650 |a Drogas 
650 |a Plantas Medicinales 
650 |a Materia Médica Vegetal 
650 |a Materia Médica 
650 |a Hierbas 
650 |a Plantas Medicinales 
650 |a Biodiversidad 
650 |a Compuestos Orgánicos 
650 |a Bioquímica 
650 |a Farmacognosia 
650 |a Farmacología 
700 |a Cutler, Horace G.  |e (edición) 
910 |a Fondo General 
920 |a Impresos - Libros 
930 |a Colección General 
905 |a 101 
901 |a 0500085195  |b IT1  |c ACC  |u 20250521 
902 |a https://opac.biblio.iteso.mx/vufind/Record/000156661